书目信息 |
| 题名: |
在过剩和贫穷之间
|
|
| 作者: | 郭树清 著 | |
| 分册: | ||
| 出版信息: | 北京 中国人民大学出版社 2006 |
|
| 页数: | 340页 | |
| 开本: | 23cm | |
| 丛书名: | ||
| 单 册: | ||
| 中图分类: | F12-53 | |
| 科图分类: | ||
| 主题词: | 经济--中国--文集 , 经济 | |
| 电子资源: | ||
| ISBN: | 7-300-06360-8 | |
| 000 | 00931nam0 2200265 450 | |
| 000 | 00937nam0 2200265 450 | |
| 000 | 00868nam0 2200241 450 | |
| 000 | 00832nam0 2200229 45 | |
| 005 | 20070606182226.56 | |
| 010 | @a7-300-06360-8@dCNY28.00 | |
| 100 | @a20070519d2006 em y0chiy0120 ea | |
| 101 | 0 | @achi |
| 102 | @aCN@b110000 | |
| 105 | @aa z 000yy | |
| 200 | 1 | @a在过剩和贫穷之间@AZai Guo Sheng He Pin Qiong Zhi Jian@dBetween surplus and poverty@f郭树清著@FGuo Shu Qing Zhu@zeng |
| 210 | @a北京@c中国人民大学出版社@d2006 | |
| 215 | @a340页@c图@d23cm | |
| 330 | @a本书收录了《改善国民经济循环需要更强有力的措施》、《进一步启动投资和消费需求》、《关于宏观经济的三个紧迫问题》等文章。 | |
| 510 | 1 | @aBetween surplus and poverty@zeng |
| 606 | 0 | @a经济@y中国@j文集 |
| 606 | 0 | @a经济 |
| 690 | @aF12-53@v4 | |
| 701 | 0 | @a郭树清@AGuo Shu Qing@f(1956~)@4著 |
| 801 | 0 | @aCN@bTAOJIN@c20070606 |
| 905 | @a10447@dF12-53@e173 | |
| 在过剩和贫穷之间=Between surplus and poverty/郭树清著.-北京:中国人民大学出版社,2006 |
| 340页:图;23cm |
| ISBN 7-300-06360-8:CNY28.00 |
| 本书收录了《改善国民经济循环需要更强有力的措施》、《进一步启动投资和消费需求》、《关于宏观经济的三个紧迫问题》等文章。 |
| ● |
| 相关链接 |
|
|
|
|
正题名:在过剩和贫穷之间
索取号:F12-53/173
 
预约/预借
| 序号 | 登录号 | 条形码 | 馆藏地/架位号 | 状态 | 备注 |
| 1 | 0526897 | 205268976 | 第一样本阅览室/ [索取号:F12-53/173] | 在馆 | |
| 2 | 0526898 | 205268985 | 第一借阅区/ [索取号:F12-53/173] | 在馆 | |
| 3 | 0526899 | 205268994 | 第一借阅区/ [索取号:F12-53/173] | 在馆 | |
| 4 | 0526900 | 205269001 | 第一借阅区/ [索取号:F12-53/173] | 在馆 | |
| 5 | 0526901 | 205269010 | 第一借阅区/ [索取号:F12-53/173] | 在馆 | |
| 6 | 0526902 | 205269029 | 第一借阅区/ [索取号:F12-53/173] | 在馆 | |
| 7 | 0526903 | 205269038 | 第一借阅区/ [索取号:F12-53/173] | 在馆 | |
| 8 | 0526904 | 205269047 | 第一借阅区/ [索取号:F12-53/173] | 在馆 |